[Event "BEL-chT 2223"]
[Site "Belgium"]
[Date "2022.09.25"]
[Round "1.7"]
[White "Peeren, Yen"]
[Black "Boeykens, Marc"]
[Result "1/2-1/2"]
[WhiteElo "2107"]
[BlackElo "2096"]
[PlyCount "48"]
[EventDate "2022.09.25"]
[EventType "team-tourn"]
[EventRounds "11"]
[EventCountry "BEL"]
[SourceTitle "EXT 2024"]
[Source "ChessBase"]
[SourceDate "2023.10.10"]
[SourceVersion "1"]
[SourceVersionDate "2023.10.10"]
[SourceQuality "1"]
[WhiteTeam "Oostende"]
[BlackTeam "Mechelen"]
[WhiteTeamCountry "BEL"]
[BlackTeamCountry "BEL"]

1. e4 c5 2. c3 Nf6 3. e5 Nd5 4. d4 cxd4 5. Nf3 Nc6 6. cxd4 d6 7. Bc4 Nb6 8. Bb5 dxe5 9. Nxe5 Bd7 10. Nc3 Nxe5 11. dxe5 Bxb5 12. Nxb5 Qxd1+ 13. Kxd1 0-0-0+ 14. Ke2 Rd5 15. a4 Rxe5+ 16. Be3 e6 17. Rac1+ Kb8 18. Rhd1 Be7 19. Kf1 Bg5 20. Bxb6 axb6 21. Rc4 Rd8 22. Rxd8+ Bxd8 23. Rd4 Rd5 24. Rxd5 exd5 1/2-1/2

[Event "BEL-chT 1718"]
[Site "Belgium"]
[Date "2017.11.19"]
[Round "4.5"]
[White "Boeykens, Marc"]
[Black "Sammalvuo, Tapani"]
[Result "0-1"]
[WhiteElo "2185"]
[BlackElo "2419"]
[PlyCount "66"]
[EventDate "2017.09.24"]
[EventType "team-tourn"]
[EventRounds "11"]
[EventCountry "BEL"]
[SourceTitle "EXT 2019"]
[Source "ChessBase"]
[SourceDate "2018.10.10"]
[SourceVersion "1"]
[SourceVersionDate "2018.10.10"]
[SourceQuality "1"]
[WhiteTeam "TSM Schifflange"]
[BlackTeam "Wirtzfeld"]
[WhiteTeamCountry "BEL"]
[BlackTeamCountry "BEL"]

1. e4 e5 2. Nf3 Nc6 3. Nc3 Nf6 4. d4 exd4 5. Nd5 Be7 6. Nxd4 Nxd4 7. Qxd4 0-0 8. Nxe7+ Qxe7 9. Bd3 d5 10. e5 c5 11. Qf4 Ng4 12. 0-0 Nxe5 13. b3 a5 14. Bb2 Nxd3 15. cxd3 d4 16. Rae1 Qf6 17. Qc7 Bf5 18. Qxc5 Bxd3 19. Bxd4 Qc6 20. Qg5 f6 21. Qh5 Bxf1 22. Rxf1 Rfd8 23. Be3 Rd5 24. Qg4 Rad8 25. h3 Qd7 26. Qc4 Rc8 27. Qe2 a4 28. bxa4 Qxa4 29. Rb1 Qe4 30. Qe1 Rcd8 31. Kh2 Qe5+ 32. g3 Qe4 33. Rxb7 Qf3 0-1

[Event "BEL-chT 0506"]
[Site "Belgium"]
[Date "2006.01.21"]
[Round "7"]
[White "Boeykens, Marc"]
[Black "Van Herck, Marcel"]
[Result "1/2-1/2"]
[WhiteElo "2221"]
[BlackElo "2171"]
[PlyCount "29"]
[EventDate "2005.10.09"]
[EventType "team-tourn"]
[EventRounds "11"]
[EventCountry "BEL"]
[SourceTitle "EXT 2007"]
[Source "ChessBase"]
[SourceDate "2006.11.23"]
[SourceVersion "1"]
[SourceVersionDate "2006.11.23"]
[SourceQuality "1"]
[WhiteTeam "Boey Temse"]
[BlackTeam "Deurne"]
[WhiteTeamCountry "BEL"]
[BlackTeamCountry "BEL"]

1. e4 c6 2. d4 d5 3. exd5 cxd5 4. c4 Nf6 5. Nc3 Nc6 6. Nf3 Bg4 7. cxd5 Nxd5 8. Qb3 Bxf3 9. gxf3 Nb6 10. Be3 e6 11. 0-0-0 Be7 12. d5 exd5 13. Nxd5 Nxd5 14. Rxd5 Qc7 15. Kb1 1/2-1/2

[Event "BEL-chT 0405"]
[Site "Belgium"]
[Date "2004.12.05"]
[Round "5"]
[White "Deleyn, Gunter"]
[Black "Boeykens, Marc"]
[Result "1/2-1/2"]
[WhiteElo "2285"]
[BlackElo "2206"]
[PlyCount "128"]
[EventDate "2004.09.09"]
[EventType "team-tourn"]
[EventRounds "11"]
[EventCountry "BEL"]
[SourceTitle "EXT 2006"]
[Source "ChessBase"]
[SourceDate "2005.11.24"]
[SourceVersion "1"]
[SourceVersionDate "2005.11.24"]
[SourceQuality "1"]
[WhiteTeam "KGSRL"]
[BlackTeam "Boey Temse"]
[WhiteTeamCountry "BEL"]
[BlackTeamCountry "BEL"]

1. c4 e5 2. g3 Nc6 3. Bg2 Bc5 4. Nc3 d6 5. Na4 Nge7 6. Nxc5 dxc5 7. d3 0-0 8. Nf3 f6 9. 0-0 Qe8 10. Nd2 Qh5 11. Ne4 b6 12. Nc3 Bh3 13. e3 Qxd1 14. Rxd1 Bxg2 15. Kxg2 Rfd8 16. Kf3 Rd7 17. Ke2 Rad8 18. a3 a5 19. b3 Kf7 20. Ra2 h5 21. h4 Ke6 22. Rad2 Ra8 23. Rb2 Rad8 24. Rbd2 Ra8 25. Na2 Nf5 26. Bb2 Rg8 27. Rh1 Rgd8 28. Bc3 Ra8 29. Rb1 Kf7 30. Rdd1 Rdd8 31. Be1 Rh8 32. Nc3 g5 33. hxg5 fxg5 34. Ne4 g4 35. Bc3 h4 36. gxh4 Rxh4 37. Rh1 Rah8 38. Rxh4 Rxh4 39. Rg1 Ke6 40. Be1 Nd6 41. f3 Rh2+ 42. Nf2 gxf3+ 43. Kxf3 Ne7 44. Rg2 Rxg2 45. Kxg2 Kf5 46. Kf3 Ng6 47. Nh1 Nf8 48. Bh4 e4+ 49. Ke2 Nd7 50. dxe4+ Kxe4 51. Ng3+ Ke5 52. Bd8 a4 53. Bxc7 axb3 54. Kd3 Ke6 55. Bxd6 Kxd6 56. Kc3 Ne5 57. Kxb3 Kc6 58. Nf5 Nf3 59. a4 Kb7 60. Ne7 Ka6 61. Nd5 Ne5 62. Nc3 Ka5 63. Nd5 Ka6 64. Nf4 Ka5 1/2-1/2

[Event "EU-Cup 18th"]
[Site "Kallithea"]
[Date "2002.09.28"]
[Round "7.4"]
[White "Ahn, Martin"]
[Black "Boeykens, Marc"]
[Result "1/2-1/2"]
[WhiteElo "2294"]
[BlackElo "2240"]
[PlyCount "22"]
[EventDate "2002.09.22"]
[EventType "team-swiss"]
[EventRounds "7"]
[EventCountry "GRE"]
[SourceTitle "CBM 092"]
[Source "ChessBase"]
[SourceDate "2003.02.06"]
[SourceVersion "1"]
[SourceVersionDate "2003.02.06"]
[SourceQuality "1"]
[WhiteTeam "Eupen Rochade"]
[BlackTeam "Temse"]
[WhiteTeamCountry "BEL"]
[BlackTeamCountry "BEL"]

1. e4 e6 2. d4 d5 3. Nc3 Nf6 4. e5 Nfd7 5. Nf3 c5 6. Bg5 Qb6 7. dxc5 Bxc5 8. Qd2 Nc6 9. 0-0-0 Ncxe5 10. Nxe5 Nxe5 11. Re1 f6 1/2-1/2

[Event "EU-Cup 18th"]
[Site "Kallithea"]
[Date "2002.09.25"]
[Round "4.5"]
[White "Boeykens, Marc"]
[Black "Guner, Bulent"]
[Result "1/2-1/2"]
[WhiteElo "2240"]
[BlackElo "2142"]
[PlyCount "42"]
[EventDate "2002.09.22"]
[EventType "team-swiss"]
[EventRounds "7"]
[EventCountry "GRE"]
[SourceTitle "CBM 092"]
[Source "ChessBase"]
[SourceDate "2003.02.06"]
[SourceVersion "1"]
[SourceVersionDate "2003.02.06"]
[SourceQuality "1"]
[WhiteTeam "Temse"]
[BlackTeam "Istanbul Teknik Uni"]
[WhiteTeamCountry "BEL"]
[BlackTeamCountry "TUR"]

1. d4 Nf6 2. c4 c5 3. d5 b5 4. cxb5 a6 5. bxa6 g6 6. Nc3 Bxa6 7. e4 Bxf1 8. Kxf1 d6 9. Nf3 Bg7 10. g3 0-0 11. Kg2 Nbd7 12. h3 Ra6 13. Re1 Qa8 14. Bf4 Nh5 15. Bg5 Nhf6 16. Qc2 h6 17. Bd2 e6 18. dxe6 fxe6 19. Nh4 g5 20. Ng6 Rf7 21. f4 d5 1/2-1/2

[Event "BEL-chT 9697"]
[Site "Belgium"]
[Date "1997.??.??"]
[Round "1"]
[White "Boeykens, Marc"]
[Black "Ahn, Martin"]
[Result "1-0"]
[WhiteElo "2245"]
[BlackElo "2320"]
[PlyCount "77"]
[EventDate "1996.??.??"]
[EventType "team"]
[EventRounds "11"]
[EventCountry "BEL"]
[SourceTitle "EXT 1998"]
[Source "ChessBase"]
[SourceDate "1997.11.17"]
[SourceVersion "1"]
[SourceVersionDate "1997.11.17"]
[SourceQuality "1"]

1. e4 c5 2. Nf3 d6 3. d4 cxd4 4. Nxd4 Nf6 5. Nc3 g6 6. Be3 Bg7 7. f3 0-0 8. Qd2 Nc6 9. Bc4 Bd7 10. h4 Ne5 11. Bb3 Rc8 12. 0-0-0 Nc4 13. Bxc4 Rxc4 14. h5 Nxh5 15. Nde2 Re8 16. Bh6 Be5 17. g4 Nf6 18. Bf4 Qa5 19. Bxe5 Qxe5 20. Qh6 Be6 21. f4 Qc5 22. f5 Bd7 23. g5 Nh5 24. Rxh5 gxh5 25. g6 hxg6 26. fxg6 fxg6 27. Qxg6+ Kh8 28. Rg1 Qe3+ 29. Kb1 Qxg1+ 30. Nxg1 Rf8 31. Qxh5+ Kg7 32. Nf3 Be6 33. Kc1 Rh8 34. Qg5+ Kf8 35. Kd2 Ke8 36. Qb5+ Kf8 37. Qxb7 Rh3 38. Nd5 Bxd5 39. Qxd5 1-0

[Event "BEL-chT 9697"]
[Site "Belgium"]
[Date "1997.??.??"]
[Round "6"]
[White "Boeykens, Marc"]
[Black "Lacroix, Bruno"]
[Result "1-0"]
[WhiteElo "2245"]
[BlackElo "2245"]
[PlyCount "120"]
[EventDate "1996.??.??"]
[EventType "team"]
[EventRounds "11"]
[EventCountry "BEL"]
[SourceTitle "EXT 1998"]
[Source "ChessBase"]
[SourceDate "1997.11.17"]
[SourceVersion "1"]
[SourceVersionDate "1997.11.17"]
[SourceQuality "1"]

1. e4 c5 2. Nf3 Nc6 3. d4 cxd4 4. Nxd4 Nf6 5. Nc3 d6 6. Bc4 Qb6 7. Nxc6 bxc6 8. 0-0 e5 9. Kh1 Be7 10. f4 exf4 11. Rxf4 Be6 12. Qd3 0-0 13. b3 d5 14. exd5 cxd5 15. Nxd5 Nxd5 16. Bxd5 Bxd5 17. Qxd5 Rad8 18. Qf3 Bf6 19. Be3 Qd6 20. Rf1 a6 21. Rc4 Rc8 22. Rxc8 Rxc8 23. Qe4 Rd8 24. a4 a5 25. Qf5 Qb4 26. h3 Ra8 27. Bc5 Qc3 28. Qf3 Rc8 29. Qxc3 Bxc3 30. Rd1 g6 31. Rd5 Re8 32. Bd4 Bd2 33. Bf6 Re1+ 34. Kh2 Bf4+ 35. g3 Re2+ 36. Kh1 Bc7 37. Rc5 Re6 38. Rxc7 Rxf6 39. Rc5 Ra6 40. Kg2 Kf8 41. Rc7 Rf6 42. g4 Ke8 43. Kg3 Rf1 44. Rc5 Rc1 45. Kf4 Rf1+ 46. Ke5 Rf2 47. Kd6 f5 48. gxf5 gxf5 49. Re5+ Kf7 50. Rxa5 f4 51. Rd5 Kf6 52. b4 Rxc2 53. a5 f3 54. Rd3 f2 55. Rf3+ Kg5 56. b5 Rd2+ 57. Kc6 Re2 58. a6 Re6+ 59. Kb7 Rf6 60. Rxf2 Rxf2 1-0

[Event "BEL-chT 9697"]
[Site "Belgium"]
[Date "1997.??.??"]
[Round "10"]
[White "Claesen, Jeroen"]
[Black "Boeykens, Marc"]
[Result "1/2-1/2"]
[WhiteElo "2285"]
[BlackElo "2245"]
[PlyCount "85"]
[EventDate "1996.??.??"]
[EventType "team"]
[EventRounds "11"]
[EventCountry "BEL"]
[SourceTitle "EXT 1998"]
[Source "ChessBase"]
[SourceDate "1997.11.17"]
[SourceVersion "1"]
[SourceVersionDate "1997.11.17"]
[SourceQuality "1"]

1. e4 c5 2. Nc3 e6 3. g3 d5 4. exd5 exd5 5. Bg2 Nf6 6. Nge2 d4 7. Ne4 Nxe4 8. Bxe4 Nd7 9. 0-0 Nf6 10. Bg2 Be7 11. c3 dxc3 12. dxc3 0-0 13. Nf4 Qb6 14. Qb3 Qxb3 15. axb3 Rd8 16. Be3 a6 17. Ra5 g5 18. Ne2 Bg4 19. f3 b6 20. fxg4 bxa5 21. Bxg5 Rab8 22. Bxf6 Bxf6 23. Rxf6 Rxb3 24. Rxa6 Rxb2 25. Kf2 Ra2 26. Bc6 Rdd2 27. Bb5 Rdb2 28. Bc4 Ra4 29. Bd5 Rd2 30. Rd6 Raa2 31. Bxa2 Rxd6 32. Ke3 a4 33. Nc1 Rd1 34. Nd3 a3 35. Nxc5 Rh1 36. Nd3 Rxh2 37. Nb4 Kf8 38. Bd5 Ke7 39. Bc4 f6 40. Be2 Kd6 41. Bc4 Rg2 42. Kf3 Rb2 43. Ke4 1/2-1/2

[Event "BEL-chT 9697"]
[Site "Belgium"]
[Date "1997.??.??"]
[Round "4"]
[White "Laurent, Bruno"]
[Black "Boeykens, Marc"]
[Result "1/2-1/2"]
[WhiteElo "2190"]
[BlackElo "2245"]
[PlyCount "63"]
[EventDate "1996.??.??"]
[EventType "team"]
[EventRounds "11"]
[EventCountry "BEL"]
[SourceTitle "EXT 1998"]
[Source "ChessBase"]
[SourceDate "1997.11.17"]
[SourceVersion "1"]
[SourceVersionDate "1997.11.17"]
[SourceQuality "1"]

1. d4 Nf6 2. c4 g6 3. Nc3 Bg7 4. e4 d6 5. Nf3 0-0 6. Be2 e5 7. 0-0 Nc6 8. d5 Ne7 9. Re1 Nh5 10. b4 a5 11. bxa5 Rxa5 12. Nd2 Nf4 13. Nb3 Ra8 14. c5 f5 15. Bf1 fxe4 16. Nxe4 dxc5 17. d6 cxd6 18. Nxd6 Ned5 19. Nxc8 Rxc8 20. g3 Ne6 21. Bc4 Nd4 22. Nxd4 cxd4 23. Qb3 Rxc4 24. Qxc4 Kh8 25. Ba3 Rf7 26. Bb2 Qd7 27. Rac1 Rf8 28. Qc5 Qf7 29. Rf1 Qf3 30. Qa3 d3 31. Rcd1 Ne3 32. fxe3 1/2-1/2

[Event "BEL-chT 9697"]
[Site "Belgium"]
[Date "1997.??.??"]
[Round "2"]
[White "Van der Stricht, Geert"]
[Black "Boeykens, Marc"]
[Result "1-0"]
[WhiteElo "2205"]
[BlackElo "2245"]
[PlyCount "75"]
[EventDate "1996.??.??"]
[EventType "team"]
[EventRounds "11"]
[EventCountry "BEL"]
[SourceTitle "EXT 1998"]
[Source "ChessBase"]
[SourceDate "1997.11.17"]
[SourceVersion "1"]
[SourceVersionDate "1997.11.17"]
[SourceQuality "1"]

1. d4 g6 2. e4 Bg7 3. Nc3 c6 4. Nf3 d5 5. h3 Nf6 6. e5 Ne4 7. Bd3 Bf5 8. Ne2 c5 9. 0-0 cxd4 10. Nexd4 Nc6 11. Re1 Nxd4 12. Nxd4 0-0 13. f3 Ng3 14. Kh2 Ne4 15. fxe4 dxe4 16. Nxf5 gxf5 17. Bc4 Qc7 18. Qe2 Bxe5+ 19. Kh1 e6 20. c3 Kh8 21. Bg5 Rg8 22. Bh4 Rg6 23. Rad1 Rag8 24. Bb5 Rxg2 25. Qxg2 Rxg2 26. Kxg2 Qb6 27. a4 a6 28. Bf2 Qa5 29. Be8 Kg7 30. Rd7 Kh6 31. Bxf7 Qxa4 32. Red1 Qc6 33. Kg1 f4 34. Be8 e3 35. Rxh7+ Kxh7 36. Bxc6 exf2+ 37. Kxf2 bxc6 38. Re1 1-0

[Event "BEL-chT 9596"]
[Site "Belgium"]
[Date "1996.??.??"]
[Round "?"]
[White "Riemens, Albert"]
[Black "Boeykens, Marc"]
[Result "1/2-1/2"]
[WhiteElo "2205"]
[BlackElo "2280"]
[PlyCount "29"]
[EventDate "1995.??.??"]
[EventType "team"]
[EventRounds "11"]
[EventCountry "BEL"]
[SourceTitle "EXT 2000"]
[Source "ChessBase"]
[SourceDate "1999.11.16"]
[SourceVersion "1"]
[SourceVersionDate "1999.11.16"]
[SourceQuality "1"]

1. e4 c5 2. c3 d5 3. exd5 Qxd5 4. d4 Nc6 5. Nf3 cxd4 6. cxd4 e5 7. Nc3 Bb4 8. Bd2 Bxc3 9. Bxc3 e4 10. Ne5 Nxe5 11. dxe5 Ne7 12. Qc2 0-0 13. Rd1 Qxa2 14. Qxe4 Nf5 15. Qc4 1/2-1/2

[Event "BEL-chB"]
[Site "Ghent"]
[Date "1989.08.02"]
[Round "9"]
[White "Maes, Wim"]
[Black "Boeykens, Marc"]
[Result "1/2-1/2"]
[WhiteElo "2059"]
[BlackElo "2225"]
[PlyCount "46"]
[EventDate "1989.07.24"]
[EventType "tourn"]
[EventRounds "13"]
[EventCountry "BEL"]
[SourceTitle "EXT 2005"]
[Source "ChessBase"]
[SourceDate "2004.11.15"]
[SourceVersion "1"]
[SourceVersionDate "2004.11.15"]
[SourceQuality "1"]

1. d4 Nf6 2. c4 g6 3. Nc3 Bg7 4. e4 0-0 5. f3 c5 6. d5 d6 7. Bd3 e6 8. Nge2 exd5 9. exd5 Re8 10. 0-0 Nbd7 11. Ng3 Ne5 12. f4 Nxd3 13. Qxd3 Ng4 14. Nce2 f5 15. h3 Nf6 16. Nc3 a6 17. a4 b6 18. Bd2 Ra7 19. Rfe1 Rae7 20. Rxe7 Rxe7 21. Re1 Bd7 22. b3 Rxe1+ 23. Bxe1 Qe7 1/2-1/2

[Event "BEL-chB"]
[Site "Ghent"]
[Date "1989.08.01"]
[Round "8"]
[White "Boeykens, Marc"]
[Black "Vandevoort, Pascal"]
[Result "1-0"]
[WhiteElo "2225"]
[BlackElo "2273"]
[PlyCount "27"]
[EventDate "1989.07.24"]
[EventType "tourn"]
[EventRounds "13"]
[EventCountry "BEL"]
[SourceTitle "EXT 2005"]
[Source "ChessBase"]
[SourceDate "2004.11.15"]
[SourceVersion "1"]
[SourceVersionDate "2004.11.15"]
[SourceQuality "1"]

1. d4 e5 2. dxe5 Nc6 3. e4 Nxe5 4. f4 Ng6 5. Nf3 Bc5 6. Bd3 d6 7. Nc3 Bd7 8. Qe2 Nf6 9. f5 Ne5 10. Nxe5 dxe5 11. Bd2 c6 12. g4 h5 13. g5 Ng4 14. Rf1 1-0

[Event "BEL-chB"]
[Site "Ghent"]
[Date "1989.07.29"]
[Round "7"]
[White "Cools, Gorik"]
[Black "Boeykens, Marc"]
[Result "1-0"]
[WhiteElo "2302"]
[BlackElo "2225"]
[PlyCount "151"]
[EventDate "1989.07.24"]
[EventType "tourn"]
[EventRounds "13"]
[EventCountry "BEL"]
[SourceTitle "EXT 2005"]
[Source "ChessBase"]
[SourceDate "2004.11.15"]
[SourceVersion "1"]
[SourceVersionDate "2004.11.15"]
[SourceQuality "1"]

1. e4 e6 2. d4 d5 3. Nc3 Bb4 4. Nge2 dxe4 5. a3 Bxc3+ 6. Nxc3 Nc6 7. Bb5 Nge7 8. Be3 0-0 9. Qd2 e5 10. d5 Nd4 11. Bxd4 exd4 12. Qxd4 c6 13. Bc4 cxd5 14. 0-0-0 Be6 15. Nxd5 Nxd5 16. Bxd5 Bxd5 17. Qxd5 Qe7 18. Rhe1 Qh4 19. Qxe4 Qxf2 20. Rf1 Qb6 21. Rd7 Rad8 22. Rxb7 Qd6 23. Qc4 Rc8 24. Qb3 Rc7 25. h3 Qa6 26. Rb5 Rfc8 27. Kb1 h6 28. Rf2 Kh7 29. Qd3+ Kg8 30. Rd2 Re7 31. Rd5 Re1+ 32. Rd1 Rxd1+ 33. Qxd1 Qf6 34. Rd6 Qh4 35. Qd4 Qe1+ 36. Ka2 Kh7 37. Qd3+ g6 38. Qd5 Kg7 39. Qd4+ Kh7 40. Qd5 Kg7 41. Qd4+ Kg8 42. Rd8+ Rxd8 43. Qxd8+ Kh7 44. Qd5 Qf1 45. c4 a5 46. Kb3 f5 47. Ka4 g5 48. c5 g4 49. hxg4 fxg4 50. Kxa5 Qc1 51. Qf7+ Kh8 52. Qf6+ Kh7 53. Qc3 Qg1 54. Qc2+ Kg7 55. b4 h5 56. Qe4 Qf2 57. a4 Kf6 58. Qc6+ Kg5 59. Qd5+ Kg6 60. Qd6+ Kg5 61. Qe7+ Kg6 62. Qd6+ Kg7 63. g3 Kf7 64. Qe5 Kg6 65. Ka6 Qc2 66. Qd6+ Kf7 67. Qd5+ Kg6 68. a5 h4 69. gxh4 Qf2 70. Qg8+ Kh6 71. Qxg4 Qf6+ 72. Kb5 Qf1+ 73. Qc4 Qf5 74. Qc1+ Kh7 75. Qd1 Qc8 76. Qd3+ 1-0

[Event "BEL-chB"]
[Site "Ghent"]
[Date "1989.07.24"]
[Round "1"]
[White "Boeykens, Marc"]
[Black "Fontaine, Pierre"]
[Result "1/2-1/2"]
[WhiteElo "2225"]
[BlackElo "2131"]
[PlyCount "45"]
[EventDate "1989.07.24"]
[EventType "tourn"]
[EventRounds "13"]
[EventCountry "BEL"]
[SourceTitle "EXT 2005"]
[Source "ChessBase"]
[SourceDate "2004.11.15"]
[SourceVersion "1"]
[SourceVersionDate "2004.11.15"]
[SourceQuality "1"]

1. e4 c5 2. Nf3 Nc6 3. d4 cxd4 4. Nxd4 Nf6 5. Nc3 e5 6. Ndb5 d6 7. Bg5 a6 8. Na3 b5 9. Bxf6 gxf6 10. Nd5 f5 11. c3 Bg7 12. exf5 Bxf5 13. Nc2 0-0 14. Nce3 Be6 15. g4 Qh4 16. Bg2 e4 17. Bxe4 Rac8 18. 0-0 Ne5 19. f3 h5 20. Ng2 Qd8 21. Nge3 hxg4 22. fxg4 Qg5 23. Bf5 1/2-1/2